header

Knowledge and innovation for competitiveness in Brazil (Record no. 40150)

MARC details
000 -LEADER
fixed length control field 01640nam a2200421 a 4500
082 04 - DEWEY DECIMAL CLASSIFICATION NUMBER
Classification number 338/.0640981
100 1# - MAIN ENTRY--AUTHOR NAME
Personal name Rodriguez, Alberto,
245 10 - TITLE STATEMENT
Title Knowledge and innovation for competitiveness in Brazil
260 ## - PUBLICATION, DISTRIBUTION, ETC. (IMPRINT)
Place of publication Washington, DC :
Name of publisher World Bank,
Year of publication c2008.
300 ## - PHYSICAL DESCRIPTION
Number of Pages xviii, 247 p. :
Other physical details ill.
490 1# - SERIES STATEMENT
Series statement WBI development studies
650 #0 - SUBJECT ADDED ENTRY--TOPICAL TERM
Topical Term Technological innovations
Topical Term Labor supply
Topical Term Human capital
700 1# - ADDED ENTRY--PERSONAL NAME
Personal name Dahlman, Carl J.,
Personal name Salmi, Jamil.
856 40 - ELECTRONIC LOCATION AND ACCESS
Uniform Resource Identifier http://site.ebrary.com/lib/rucke/Doc?id=10231588

No items available.

© 2026 Rongo University
Contact us: librarian | system librarian | Rongo university